000 00488nam a22001697a 4500
005 20251108171823.0
008 250721s1985 xx 000 0 ara d
082 1 4 _a411.7/عبد
100 1 _aالكيالي، عبد الصمد
245 1 0 _aكيف تتعلم الخط العربي /
264 1 _aالدوحة :
_bدار الثقافة،
_c1985.
300 _a143ص
650 1 7 _aاللغة العربية
650 1 7 _aالخط العربي
942 _2ddc
_cBK
999 _c63440
_d63440